[Event "Hastings 9394"]
[Site "Hastings"]
[Date "1993.??.??"]
[Round "3"]
[White "Sadler, Matthew D"]
[Black "Rogers, Ian"]
[Result "1/2-1/2"]
[WhiteElo "2535"]
[BlackElo "2595"]
[Annotator "Stohl,I"]
[PlyCount "57"]
[EventDate "1993.12.??"]
[EventType "tourn"]
[EventRounds "9"]
[EventCountry "ENG"]
[EventCategory "12"]
[SourceTitle "CBM 039"]
[Source "ChessBase"]
[SourceDate "1994.04.01"]
[SourceVersion "1"]
[SourceVersionDate "1994.04.01"]
[SourceQuality "1"]

1. d4 Nf6 2. c4 e5 3. dxe5 Ng4 4. Bf4 Bb4+ (4... Nc6 5. Nf3 Bb4+ 6. Nbd2 Qe7 7.
e3 Ngxe5 8. Nxe5 Nxe5 9. Be2 b6 10. O-O Bxd2 11. Qxd2 Bb7 12. Rac1 (12. c5 $5
bxc5 13. Qa5 Ng6 14. Qxc7 (14. Bxc7 Nh4 $132) 14... Nxf4 15. Qxf4 O-O 16. Qc7
Rab8 17. Rac1 Rfc8 18. Qf4 Bc6 19. b3 a5 $10 {Flear,G-Blatny,P/Andorra/1993/})
12... d6 13. b4 O-O (13... Ng6 14. Bg3 O-O 15. c5 dxc5 16. bxc5 Rfd8 17. Qb4 $1
Bc6 18. a3 a5 19. Qb2 Be4 20. cxb6 cxb6 21. Rc3 Qf6 22. Rfc1 $16 {Chernin,
A-Blatny,P/Brno/1993/}) 14. c5 dxc5 15. bxc5 Rad8 16. Qc3 Ng6 17. Bg3 Rd5 $5
18. cxb6 cxb6 19. Rfd1 Rfd8 20. Rxd5 Bxd5 21. a3 $14 {Alterman,B-Blatny,P/
Pardubice/1993/}) 5. Nd2 d6 6. Ngf3 (6. a3 dxe5 7. Bg3 Bxd2+ 8. Qxd2 Qxd2+ 9.
Kxd2 Nc6 10. f3 Nf6 11. b4 a5 12. b5 Nd4 13. Kc3 Nd7 14. Bxe5 Nxb5+ 15. cxb5
Nxe5 16. e4 Bd7 17. f4 Ng4 18. Nh3 Ne3 $36 {Rajkovic,D-Kindl,P/Bad Worishofen/
1988/}) (6. exd6 $142 $1 Qf6 7. e3 (7. Nh3 $5 Nxf2 8. Kxf2 Bxh3 9. g3 Bxf1 10.
Rxf1 Qd4+ 11. Kf3 Bxd6 12. Ne4 Qxd1 13. Raxd1 Bxf4 14. gxf4 Nd7 15. Rg1 g6 16.
h4 $14 {Sherbakov,R-Chatalbashev,B/Anapa/1991/}) 7... Nxf2 (7... Bxd6 8. Be2 $1
{/\} Bxf4 9. Bxg4 Bxe3 10. Ne4 $1 Qxb2 11. Bxc8 Qb4+ 12. Kf1 $18 {Kiss,
L-Galanov,B/Budapest/1990/}) 8. Kxf2 g5 9. Ne4 (9. Ngf3 gxf4 10. Ne4 Qxb2+ 11.
Be2 fxe3+ 12. Kxe3 Qa3+ 13. Kf2 Bc5+ 14. Kf1 cxd6 15. Nf6+ Kd8 16. Nd5 Nc6 17.
Qd2 h6 18. Rb1 $44 {->/Dreyer,Ma-Levi,E/Auckland/1992/}) 9... Qxb2+ 10. Be2 $1
(10. Ne2 gxf4 11. Qd4 fxe3+ 12. Kxe3 Qxd4+ 13. Nxd4 Bxd6 14. Nxd6+ cxd6 15. Nb5
Na6 16. Nxd6+ Ke7 $10 {Nickl,K-Prins,J/corr/1986/}) 10... gxf4 11. exf4 cxd6
12. Rb1 Qa3 13. Qd4 Bc5 14. Nxc5 Qxc5 15. Qxc5 dxc5 16. Bf3 Nc6 17. Ne2 Na5 18.
Rb5 Nxc4 19. Rxc5 Nb6 20. Re5+ Kf8 21. Rc1 $16 {Van der Sterren,P-West,G/
Canberra/1991/}) 6... dxe5 7. Bxe5 (7. Nxe5 $5 Bxd2+ 8. Qxd2 Qxd2+ 9. Kxd2 Nxf2
10. Rg1 Na6 11. Nd3 Ne4+ 12. Ke3 f5 (12... Nd6 $5 $132) 13. g4 O-O 14. Bg2 Re8
15. gxf5 Bxf5 16. Be5 $36 {Spacek,P-Luft,A/St.Ingbert/1989/}) 7... Bxd2+ $5
$146 (7... Nxe5 8. Nxe5 Qd4 9. Nd3 Bxd2+ (9... Qxc4 $5 $10) 10. Qxd2 Qxc4 11.
e3 O-O 12. Nf4 Qa4 13. b3 Qa3 14. Bc4 Nc6 15. O-O Ne5 16. Be2 c6 17. Rfd1 Bd7
18. Qc3 Qe7 19. Nh5 $36 {Ginting,N-West,G/Thessaloniki olm/1988/}) 8. Qxd2
Qxd2+ 9. Kxd2 Nxf2 10. Rg1 O-O 11. Bxc7 Na6 12. Be5 Ne4+ (12... f6 $5 13. Bd4
Ne4+ 14. Kc1 (14. Kd3 $2 Bf5 15. Nh4 Nb4+ $19) 14... Be6 $44) 13. Ke3 $1 Bf5
14. g4 Bg6 15. Nh4 Rfe8 (15... Nac5 16. Nxg6 fxg6 $5 $13 (16... Rfe8 {-15...
Rfe8}) (16... hxg6 17. Bd4 Rfe8 18. Kf3 $5 $14)) 16. Nxg6 Nac5 17. Nf4 (17. Kf3
fxg6 $5 $44) 17... Rxe5 18. Bg2 $1 {/\Nd3+/-} Rae8 19. Bf3 Nd6+ 20. Kd4 b6 21.
Nd3 (21. Rad1 $5 $16) 21... R5e6 22. Bd5 (22. Nxc5 $6 bxc5+ 23. Kd5 (23. Kxc5
Rc8+ $36) 23... Rd8 $40 {עd5}) 22... Rxe2 23. Nxc5 bxc5+ 24. Kxc5 $16 Ne4+ 25.
Bxe4 (25. Kc6 $5 $16) 25... R8xe4 26. b3 h5 (26... Rxh2 27. Rge1 Rxe1 28. Rxe1
Kf8 29. Kd6 Rxa2 30. c5 $16) 27. gxh5 Re5+ 28. Kc6 Rxh5 29. Rgd1 $36 {(+)}
1/2-1/2

[Event "Buenos Aires Najdorf"]
[Site "Buenos Aires"]
[Date "1996.??.??"]
[Round "3"]
[White "Granda Zuniga, Julio E"]
[Black "Sorin, Ariel"]
[Result "1-0"]
[WhiteElo "2600"]
[BlackElo "2505"]
[Annotator "Stohl,I"]
[PlyCount "79"]
[EventDate "1996.04.??"]
[EventType "tourn"]
[EventRounds "9"]
[EventCountry "ARG"]
[EventCategory "13"]
[SourceTitle "CBM 053"]
[Source "ChessBase"]
[SourceDate "1996.08.01"]
[SourceVersion "1"]
[SourceVersionDate "1996.08.01"]
[SourceQuality "1"]

1. d4 {Kortschnoj} Nf6 2. c4 e5 3. dxe5 Ng4 4. Bf4 Nc6 5. Nf3 Bb4+ 6. Nbd2 (6.
Nc3 Bxc3+ 7. bxc3 Qe7 8. Qd5 f6 (8... Qa3 9. Qd2 Qc5 10. e3 Ngxe5 11. Nxe5 Nxe5
12. Qd4 Qxd4 13. cxd4 Ng6 14. Bxc7 b6 15. Bd6 Bb7 16. f3 Ne7 17. e4 Nc8 18. Ba3
$18 {Sobek-Kufa/MOR-chT9596/1996/}) 9. exf6 Nxf6 10. Qd3 d6 11. g3 O-O 12. Bg2
Na5 13. O-O Be6 14. Nd2 Nd7 15. Nb3 Nc6 16. Nd4 Nce5 17. Qe3 Bxc4 18. Bxb7 Rae8
19. Qd2 Qf7 20. Bg2 Ng6 21. Be3 Nf6 22. Nc6 $14 {Van Wely,L-Blatny,P/New York
op Newark/1996/}) 6... Qe7 7. e3 Ngxe5 8. Be2 {In conjunction with the
following move-a very fresh idea!} (8. Nxe5 Nxe5 9. Be2 O-O 10. O-O Ng6 $5 (
10... Bxd2 {Kortschnoj} 11. Qxd2 d6 $14) 11. Bg3 Bd6 12. Bxd6 Qxd6 13. Ne4 $5 (
13. Nb3 Qe7 14. c5 Rd8 (14... b6 $142 $132) 15. Rc1 d6 16. c6 b6 17. Nd4 Rf8
18. Rc3 Nh4 19. f4 a5 20. Qd2 g6 21. Bd3 Kh8 22. Qf2 a4 23. Nb5 Nf5 24. e4 Ng7
25. f5 $36 {Belakovskaia,A-Blatny,P/New York op Newark/1996/}) 13... Qe5 14.
Nc3 b6 15. Qd5 Ba6 16. Qxe5 (16. Qxd7 $5) 16... Nxe5 17. Nd5 c6 $1 18. Nc7 Bxc4
19. Bxc4 Rac8 20. Nd5 cxd5 21. Bxd5 Rc2 22. Rab1 Rfc8 23. Rfd1 Kf8 24. Bb3 R2c7
25. Kf1 Ke7 26. Ke2 Nc6 27. Rd2 Na5 $10 {1/2,Stohl,I-Blatny,P/Kottnauer mem/
1996/}) 8... Nxf3+ 9. gxf3 $5 $146 (9. Bxf3 d6 (9... Ne5 10. Be2 {-8.Ne5 Ne5 9.
Be2}) (9... Nd4 $5 10. Bg4 h5 11. Bxh5 Ne6 12. Be2 Nxf4 13. exf4 Qe4 14. O-O
Qxf4 15. Nf3 Bd6 16. Bd3 Qxh2+ $10 {1/2,Parr,E-Bjornsson,T/Cappelle op/1993/})
10. O-O Bxd2 11. Qxd2 O-O 12. c5 dxc5 13. Qc3 Bd7 14. Bxc7 Rac8 15. Bf4 Be6 16.
Rfd1 Rfd8 17. b3 Nb4 18. e4 Nc6 19. Be2 Nd4 20. Bf1 Qf6 21. Qg3 Qg6 22. Qxg6
hxg6 23. Rac1 Rd7 24. f3 Rcd8 25. Kf2 b6 $10 {Christiansen,JJ-Larsen,H/Aalborg
op/1995/}) 9... O-O (9... d6 $142 $5 10. a3 Bxd2+ (10... Ba5 11. b4 Bb6 12. Ne4
$36 {[%cal Re4c3,Rc3d5] /\Nc3-d5}) 11. Qxd2 Be6 $132 {Premature K-side
castling gives White attacking chances on the open g-file.}) (9... b6 $5 $13 {
[%cal Gg1g7]}) 10. a3 (10. Bxc7 $4 d6 $19) 10... Bd6 (10... Bxd2+ 11. Qxd2 d6
12. Rg1 $36) 11. Bxd6 Qxd6 12. Qc2 $1 f5 (12... Qe7 13. Ne4 d6 14. Nc3 Be6 15.
f4 $36) (12... Qh6 13. O-O-O d6 14. f4 Ne7) 13. f4 (13. O-O-O f4 $1 14. Ne4 Qh6
$13) 13... Qf6 14. Nf1 $1 {[%csl Rf5,Rg7] ><f5,g7} d6 15. Ng3 Kh8 (15... g6 16.
h4 $40) (15... Be6 16. Nh5 Qh6 17. Rg1 g6 18. Qc3 $16 {[%cal Gc3h8] /^a1-h8}) (
15... Nd8 $5 {[%csl Rg7][%cal Yd8e6] /\Ne6,><g7}) 16. Nh5 Qe7 17. Rg1 Rf7 18.
Qc3 Be6 19. O-O-O $16 {White activates his Ra1 and puts his K to a safer place.
His attacking chances are obviously higher, than Black's.} Rg8 20. Rg5 Nb8 21.
Bd3 Nd7 22. Rdg1 b6 $6 (22... Nf6 23. Ng3 $1 $16 {wins a pawn.} (23. Bxf5 $6
Nxh5 (23... Bxf5 24. Rxf5 Ne4 25. Rxf7 Qxf7 26. Qc2 Qxh5 27. Qxe4 {/\} Qxh2 $2
28. Rh1 $18) 24. Bxe6 Nxf4 $1 (24... Qxe6 25. Rxh5 $18) 25. Bxf7 Ne2+ 26. Kc2
Nxc3 27. Bxg8 Ne2 $1 28. Rxg7 Qe4+ $15)) (22... Nb6 $5 {[%cal Yd6d5] /\d5<=>})
(22... Nc5 $5 {Kortschnoj More active,} 23. Bc2 Bd7 {/\ Nc5-e4 or Nc5-e6.}) 23.
Bc2 a5 24. b3 $1 {(.)} (24. Kb1 $5 {Kortschnoj}) 24... Nf6 (24... Nc5 25. Kb1
$5 {/\f3,e4-> Black's pieces are tied down to the defence and he has only very
little counterplay.}) 25. Ng3 $1 d5 (25... g6 $2 26. Nxf5 $1 Bxf5 27. Bxf5 $18)
26. Kb2 dxc4 (26... Ne4 {Kortschnoj} 27. Bxe4 dxe4 28. Nh5 $16) 27. Nxf5 Bxf5
28. Rxf5 {[%csl Gc2] With the disappearance of the f5P the Bc2 has become even
stronger and Black's defences can't stand this pressure in the long run.} Ne8
$5 (28... cxb3 $2 29. Bxb3 $18) 29. Re5 $5 (29. Qxc4 $2 Nd6 $17) (29. Rxf7 Qxf7
30. Qxc4 $16) 29... Qh4 30. Qxc4 Nd6 31. Qd5 Qxf2 32. Rg2 Qh4 33. Qd4 $40 (33.
Bxh7 $18 {Kortschnoj}) 33... Rgf8 (33... Qf6 34. Bxh7 $1 $18) (33... Re8 $2 34.
Qxd6 $18) 34. Rgg5 $1 $18 Qf2 35. Rh5 Rxf4 $6 (35... h6 36. Re6 Rf6 (36... Kg8
37. Rhxh6 $1 gxh6 38. Rg6+ Kh7 39. Rg7+) 37. Rxh6+ $1 Rxh6 (37... gxh6 38. Rxf6
$18) 38. Rxh6+ Kg8 39. Rh5 $18) (35... Nf5 36. Rexf5 Rxf5 37. Rxf5 Rxf5 38.
Qd8+ $18) 36. Rxh7+ Kg8 37. Rxg7+ $1 {Leads to mate by force.} Kxg7 (37... Kh8
38. Rh5#) 38. Re7+ Kh6 39. Qg7+ Kh5 40. Qg6+ (40. Qg6+ Kh4 41. Rh7#) 1-0

[Event "RUS-Cup3"]
[Site "Omsk"]
[Date "1996.??.??"]
[Round "4"]
[White "Fominyh, Alexander"]
[Black "Chigvintsev, Andrei"]
[Result "1-0"]
[WhiteElo "2535"]
[BlackElo "2325"]
[Annotator "Stohl,I"]
[PlyCount "71"]
[EventDate "1996.12.13"]
[EventType "swiss"]
[EventRounds "9"]
[EventCountry "RUS"]
[SourceTitle "CBM 057"]
[Source "ChessBase"]
[SourceDate "1997.04.01"]
[SourceVersion "1"]
[SourceVersionDate "1997.04.01"]
[SourceQuality "1"]

1. d4 Nf6 2. c4 e5 3. dxe5 Ng4 4. Nc3 $5 {A relatively fresh idea against the
Budapest gambit. White doesn't even think about holding the pawn, or occupying
the center. (4.e4) He strives for a edge, based on the control of the d5
square. Im portant in this sense is the manever Nh3-f4, often White plays this
idea immediately.} (4. e3 Nxe5 5. Nh3 Bb4+ (5... Ng6 6. g3 Bb4+ 7. Bd2 Bxd2+ 8.
Qxd2 d6 9. f4 Qe7 10. Nc3 Bxh3 11. Bxh3 $14 Nxf4 $2 12. Bc8 $1 Nc6 13. Bxb7 Na5
14. Bxa8 Nxc4 15. Qd4 Nxe3 16. Kd2 {1-0,Nikolaidis,Y-Ivanov,A/St.Petersburg op/
1993/}) 6. Bd2 Bxd2+ 7. Qxd2 d6 8. Nf4 O-O (8... Be6 9. Nxe6 fxe6 10. Be2 Nbc6
11. f4 Nd7 12. Bh5+ g6 13. Bf3 Nc5 14. O-O a5 15. Nc3 O-O 16. Nb5 Rf7 17. Nd4
Qe8 18. Nb3 Nxb3 19. axb3 b6 20. b4 $1 $40 {Khenkin,I-Maidla,V/Rilton Cup9697/
1997/}) 9. Be2 Nbd7 10. Nc3 a5 11. O-O Nc5 12. b3 Bf5 13. f3 f6 14. Rad1 Re8
15. Rfe1 Nf7 16. Bf1 c6 17. e4 Be6 18. Qf2 Qe7 19. Ncd5 Qd8 20. Nc3 Qe7 21. Qg3
{Skembris,S-Mohr,G/Vidmar mem/1993/}) 4... Nxe5 5. e3 Nbc6 (5... Bc5 6. Nh3 Ng6
$5 7. g3 Nc6 8. Bg2 h5 9. O-O d6 10. Nf4 Nxf4 11. exf4 Bg4 12. Re1+ Kf8 13. Qd3
Qd7 14. Be3 Bxe3 15. Rxe3 Re8 16. Rae1 Rxe3 17. Qxe3 Rh6 18. Bd5 Bf5 19. h4 a6
20. a3 Nd8 21. Qd2 c6 22. Bf3 b5 23. cxb5 axb5 24. Kh2 Nb7 $132 {De
Firmian-Ochoa,F/NY open/1987/}) (5... d6 6. Nge2 $1 {White's N has more than
one way to f4.} g6 $5 {[%csl Gc5][%cal Yb8d7,Yd7c5] The King's Indian setup is
more effective here, than developing the B to c5 or b4. It's also better to
transfer the Nb8 to c5 via d7.} (6... Nxc4 $4 7. Qa4+ $18) 7. b3 Bg7 8. Bb2 O-O
9. Nf4 Nbd7 10. Be2 Nc5 11. O-O c6 $132 {[%cal Ra7a4] /\a5-a4}) 6. Nh3 Bb4 $6
$146 {A second-rate novelty. Black doesn't really want to exchange the B after
White's natural answer and on b4 it will be vulnerable (a3,Nd5).} (6... Bc5 7.
Nf4 d6 8. Be2 O-O 9. O-O a5 10. b3 Re8 11. Bb2 Bf5 12. Qd2 (12. Kh1 Ne7 13. e4
Bd7 14. Nh5 f6 15. f4 N5g6 16. Qd3 Rf8 17. Rad1 Rf7 18. a3 Qc8 19. h3 Qf8 20.
Qg3 Kh8 21. Bg4 f5 22. Bf3 fxe4 23. Nxe4 Nf5 24. Qg5 Ba7 25. Bg4 Ne3 26. Bxd7
Rxd7 27. f5 $40 {Borik,O-Blauert,J/2BLN/1988/}) (12. a3 Ne7 13. Na4 N7g6 14.
Nxg6 Nxg6 15. Nxc5 dxc5 16. Qe1 Qe7 17. Qc3 f6 18. Bh5 b6 19. Rad1 Rad8 20. h3
Rxd1 21. Rxd1 Rd8 22. Rxd8+ Qxd8 23. Bf3 $16 {[%csl Gb2,Gf3] ^^,Skembris,
S-Agnos,D/Cappelle la Grande op/1995/}) 12... Qh4 13. Ncd5 Rac8 14. a3 Ba7 15.
Qc3 Nd8 16. Qxa5 Bb8 17. Qd2 Ne6 18. Nxe6 Rxe6 19. Qd4 Qh6 20. Rad1 c6 21. Nf4
Re7 22. Nh5 f6 23. Ng3 Be6 24. f4 Nf7 25. Kh1 b5 26. cxb5 c5 27. Qd3 d5 28. Nf5
$18 {Conquest,S-Schoen,W/BL/1988/}) (6... Ng6 $142 $5) (6... d6 7. Nf4 g6 $5 {
Even here this is a good idea.} 8. b3 Bg7 9. Bb2 O-O 10. Be2 Be6 11. O-O a6 12.
Rc1 Qh4 13. Rc2 Bg4 14. f3 Be6 15. Ncd5 Rac8 16. Rd2 g5 17. Nxe6 fxe6 18. Nc3
Ne7 19. Qe1 Qxe1 20. Rxe1 Nf5 21. Bd1 Nh4 22. Rf1 Nf5 23. Re1 Nh4 24. Rf1 Nf5 {
1/2,Teske,H-Vuckovic,A/GER-ch Binz/1995/}) 7. Bd2 d5 $2 {A violent and
unfounded attempt to change the course of events.} (7... d6 8. Nf4 $14 {
gives White a pleasant and permanent advantage.}) 8. cxd5 (8. Nxd5 $2 Bxd2+ 9.
Kxd2 (9. Qxd2 $2 Bxh3 $17) 9... b5 $40) 8... Bg4 (8... Bxh3 9. gxh3 Bxc3 (9...
Ne7 10. Qa4+) 10. Bxc3 $18 {loses a piece.}) 9. Qa4 $6 ({Even more forceful was
} 9. Qb3 $1 Qd6 $5 (9... Bxc3 10. Bxc3 Bxh3 11. gxh3 Nf3+ 12. Ke2 Nce5 13. Bg2
$18) (9... Bxh3 10. dxc6 $16) 10. dxc6 Rd8 11. Qc2 (11. Rd1 $5) 11... Bxh3 12.
f4 {and again White will be a piece up.}) 9... Bxc3 10. Bxc3 Qxd5 (10... Bxh3
$143 $2 11. dxc6 $18) 11. Nf4 Qd6 12. h3 Bd7 $8 13. Rd1 Qh6 14. Be2 (14. Bb5 $5
$40 {[%cal Rc3e5] /\Be5}) 14... O-O 15. O-O $16 {[%cal Rf4d5,Ye3e4,Yf2f4] Even
though White missed some more energetic continuation Black's prospects are
very bleak. White has a strong ^^ and attacking chances on both flanks, as
well as in the center. (Nd5,e4,f4)} (15. Bxe5 $1 Nxe5 16. Rxd7 Nxd7 17. Qxd7
Rfd8 (17... Qf6 18. Qd2 Rfd8 19. Qc2 $16) 18. Qb5 $16) 15... Bf5 (15... Rfd8
16. Nd5 $16) (15... a6 16. Bxe5 Nxe5 17. Rxd7 b5 18. Qd4 $18) 16. Qb5 $5 a6 17.
Qxb7 Bc2 18. Rd2 $1 (18. Qxc7 Bxd1 19. Rxd1 $16) 18... Ra7 19. Qxa7 Nxa7 20.
Rxc2 $36 {White has more than full compensation for the Q. Black's pieces are
uncoordinated, his << pawns are weak, the material will not be equal for long.}
Ng6 (20... Nac6 21. Bxa6 $16) 21. Nh5 $1 f6 {[%csl Rh6] ףh6} 22. Ng3 Nb5 23.
Bb4 Rb8 (23... Rf7 $2 24. Bc4 $18) (23... Rc8 $2 24. Bg4 $18 {[%cal Rg3f5,
Rf2f4,Rg4c8] threatens also to trap the Q (Nf5,f4)}) 24. a4 Nd6 25. Ba5 Qh4 (
25... c5 26. Rxc5 Rxb2 $2 27. Rh5 $18) 26. Bxc7 Rc8 27. b3 $1 (27. Bxa6 $143 $6
Qxa4 28. Bxc8 Qxc2 29. Be6+ Nf7 $14) 27... Ne8 (27... Ne4 28. Nf5 $1 Qg5 29.
Bg4 $18 {[%cal Rf2f4] /\f4}) 28. Rc4 Qh6 29. Bf4 $1 {White gets a material
advantage, while his attack continues. The game is over.} Nxf4 30. Rxc8 Nxe2+
31. Nxe2 $18 Kf7 32. Rd1 Ke7 33. Nf4 g5 (33... Nd6 34. Rc7+ Kd8 35. Ne6+ $18)
34. Nd5+ Kf7 35. Nb6 Ke7 (35... Qg6 36. Rd7+ Ke6 37. Rc6+ Kf5 38. Rd5+ Ke4 39.
Rc4#) 36. Rd7+ (36. Rd7+ Kf8 37. Rdd8 $18) 1-0

[Event "Vidmar Memorial 12th "]
[Site "Portoroz"]
[Date "1997.07.11"]
[Round "6"]
[White "Beliavsky, Alexander G"]
[Black "Mohr, Georg"]
[Result "1/2-1/2"]
[WhiteElo "2710"]
[BlackElo "2480"]
[Annotator "Stohl,I"]
[PlyCount "100"]
[EventDate "1997.07.05"]
[EventType "tourn"]
[EventRounds "9"]
[EventCountry "SLO"]
[EventCategory "15"]
[SourceTitle "CBM 061"]
[Source "ChessBase"]
[SourceDate "1997.11.23"]
[SourceVersion "1"]
[SourceVersionDate "1997.11.23"]
[SourceQuality "1"]

1. d4 Nf6 2. c4 e5 3. dxe5 Ng4 4. Nf3 Bc5 5. e3 Nc6 6. Nc3 O-O 7. Be2 Re8 8.
O-O Ngxe5 9. Nxe5 Nxe5 10. Kh1 $5 {[%csl Ge4,Gf4][%cal Yf2f4,Ye3e4] A rather
rare, but promising plan. Instead of developing his B to b2 White opts for
central expansion (e4,f4) with a possible K-side attack.} (10. b3 d6 (10... a5
11. Bb2 Ra6 12. Na4 Ba7 13. c5 Rh6 14. Qd4 Rg6 15. f4 Nc6 16. Qc3 Qh4 17. Bf3
d6 18. a3 Bg4 19. b4 Bxf3 20. Rxf3 axb4 21. axb4 Qh5 22. Kh1 $36 {[%csl Ra7]
ץa7,Priehoda,V-Bartsch,B/2.BLO9697/1997/}) 11. Bb2 a5 12. Qd2 Re6 13. g3 Qd7
14. Nd5 Rh6 15. Nf4 Ng6 16. Qc3 f6 17. Nxg6 hxg6 18. h4 Qh3 19. Rfd1 Bd7 20.
Bf3 Bc6 21. Bxc6 bxc6 22. Qd3 g5 23. Qe4 gxh4 24. Qxc6 Rf8 $36 {Lazarev,
V-Marchand,F/Geneva op/1997/}) 10... d6 11. Na4 $5 ({The logical and
consistent follow-up is} 11. f4 Nc6 (11... Nd7 12. Bd3 Nf6 (12... Bxe3 13.
Bxh7+ Kxh7 14. Qd3+ $36) 13. Qf3 Ng4 14. Ne4 (14. Nd1 f5 15. Bd2 Bd7 16. Qxb7
c6 17. Qb3 Qh4 18. h3 Qg3 19. hxg4 Qh4+ 20. Kg1 fxg4 21. Be1 g3 22. Bxg3 Qxg3
$40 {Alekseev,V-Bliumberg,V/Minsk-C/1993/}) 14... f5 15. Ng5 Nf6 16. Bd2 $14 {
1/2,Campos,J-de la Villa,J/ESP-chT/1990/}) 12. e4 (12. Nd5 Ne7 13. Nxe7+ Rxe7
14. Qd3 Qe8 15. f5 Bxe3 16. f6 Re5 17. Bf3 Bxc1 18. Raxc1 gxf6 19. Qd2 Qf8 20.
Rc3 c6 21. Bd1 Bf5 22. Rcf3 Bg6 23. Rxf6 d5 24. cxd5 cxd5 25. Bb3 Rd8 $15 {
Ricardi,P-Sorin,A/ARG-ch plof/1995/}) (12. Bd3 Qh4 13. Nd5 Bg4 14. Qd2 Bb6 15.
b4 Re6 16. Qf2 Qh5 17. Bd2 Rh6 18. Qg3 Be2 19. Bc3 Qxh2+ 20. Qxh2 Rxh2+ 21.
Kxh2 Bxd3 22. Rfc1 Re8 23. Bd2 Be4 24. a4 a5 25. Nxb6 cxb6 26. bxa5 bxa5 27.
Ra3 f5 28. Rb3 Re6 $44 {Doering,T-Huelsmann,J/2BLW/1991/}) 12... Bd4 (12... Nd4
13. Bd3 f5 14. Be3 (14. exf5 Nxf5 15. Ne4 Qh4 16. Qf3 Nd4 17. Qg3 Qxg3 18. Nxg3
Bd7 19. Bd2 Nc6 $11 {1/2,Andresen,S-Seyb,D/2.BLO/1992/}) 14... g6 15. b4 Bb6
16. Nd5 fxe4 17. Nxb6 Nf5 18. Nd5 c6 19. Be2 cxd5 20. Qxd5+ Be6 21. Qd2 Nxe3
22. Qxe3 Bf7 23. f5 $40 {Poltl,T-Thallinger,G/AUT-ch qual/1991/}) 13. Bd3 (13.
Bd2 Bxc3 14. Bxc3 Rxe4 15. Bd3 Re3 16. Qd2 $44 {1/2,Lukacs,P-Forintos,G/
Budapest/1990/}) 13... Bxc3 (13... Qh4 14. Nd5 Re6 15. f5 Be5 16. g3 Bxg3 17.
Qe2 Ne5 18. fxe6 Nxd3 19. exf7+ Kf8 20. Bg5 Qxg5 21. Qxd3 Be5 22. Nxc7 Qh4 23.
Qc2 Bh3 24. Nxa8 Bxh2 25. Qxh2 Qxe4+ 26. Kg1 Qg4+ 27. Kf2 Qd4+ 28. Ke1 Bg4 29.
Qf4 {1-0,Varga,Z-Kahn,E/Zalakaros op/1995/}) 14. bxc3 f5 15. exf5 Qf6 16. Rb1
Bxf5 17. Rxb7 Rec8 18. Be3 Rab8 19. Rb5 Bxd3 20. Qxd3 Qf7 21. Rf5 Qe6 22. Rg5
Re8 23. Bd4 Nxd4 24. Qxd4 g6 25. f5 $16 {Baburin,A-Kahn,E/HUN-chop Gyor/1990/})
11... b6 $1 $146 {The only way to keep tension in the position.} ({Black has
an unpleasant and lifeless position after} 11... Qh4 $143 $6 12. Nxc5 dxc5 13.
b3 b6 14. Bb2 Bb7 15. Bxe5 Rxe5 16. Bf3 Bxf3 17. Qxf3 Qe4 18. Rfd1 Qxf3 19.
gxf3 Kf8 20. Rd3 Rae8 21. Rad1 g6 22. f4 Re4 23. Rd5 c6 24. Rd7 R8e7 25. Kg2 b5
26. Kf3 $16 {_|_,Xia Yu-Gamsa,M/Beijing Lee Cup/1996/}) 12. Bd2 a5 13. Nxc5 (
13. a3 Bd7 $132 {/\} 14. b4 $2 Bxa4 15. Qxa4 axb4 $19) 13... bxc5 14. f4 (14.
Bc3 Bb7 $13) 14... Nd7 15. Bf3 Rb8 $6 {[%csl Ra5] ><a5} (15... Ra7 $142 $1 $13)
16. Qc2 (16. Bxa5 Rxb2 17. Bc3 Rb8 $132 {[%csl Rc4,Re3][%cal Rc8a6] /\Ba6,><c4,
e3}) (16. b3 $5 a4 17. bxa4 Nb6 18. Qc2 Be6 19. Be2 $14) 16... a4 17. Rae1 Nf6
18. Bc3 (18. Bc1 Rb4 $1 $13) 18... Ng4 19. e4 (19. Bxg4 Bxg4 20. Qxa4 Bf5 $44 {
[%csl Rc3,Ge4][%cal Rf5e4] /\Be4^-}) 19... Qh4 20. h3 a3 21. b3 (21. bxa3 $5
$14) 21... Nh6 22. f5 $5 {()>>} (22. Qd2 Bb7 23. e5 Nf5 $1 $132) 22... f6 $8 (
22... Qe7 23. f6 $40) 23. Kh2 Nf7 24. g3 Qh6 25. Bd2 g5 26. h4 Qg7 (26... Bb7
$5 27. Bc1 Ra8 $13) 27. Bc1 Bb7 (27... Ra8 $2 28. e5 $18) 28. Bxa3 Ne5 $132 29.
Bh5 (29. Bg2 gxh4 30. gxh4 Qg4 31. Re3 Kh8 $44) 29... Re7 30. Bc1 (30. Bd1 Rbe8
$13 {[%csl Re4][%cal Ge7e4] <->e,><e4}) 30... g4 {[%csl Rh5] ץh5} 31. Bf4 Kh8
$1 {Black resists the temptation to gain the exchange and retains his powerful
Ne5.} (31... Nf3+ 32. Rxf3 gxf3 33. Bxf3 $14 {[%cal Rg3g5] /\g4-g5|^}) 32. Qd2
(32. Bxe5 $5 dxe5 $1 (32... Rxe5 $6 33. Rf4 $16) 33. Qf2 (33. Qe2 Rg8 34. Qe3
Rd7 {/\Rd4}) 33... Rd8 34. Qxc5 Red7 $14 {[%cal Gd7d1] <=><->d} (34... Rd4 $5))
32... Rd7 33. Qc3 (33. Bxe5 $6 dxe5 34. Qe3 Rd4 $17 {[%csl Re4] ><e4}) 33...
Re7 34. a3 Rg8 35. b4 {The only way to make progress. But now the position
opens up and a sharp tactical fight ensues.} cxb4 36. axb4 Ra8 37. Rf2 Qg8 38.
c5 $6 ({This was the last chance to exchange Ne5-} 38. Bxe5 $142 dxe5 (38...
Rxe5 39. Rf4) 39. Rd2 $36) 38... Ra2 39. Ree2 (39. Rxa2 $2 Qxa2+ 40. Kh1 Nf3 $1
41. Qxf6+ Kg8 $19) 39... Rxe2 40. Rxe2 Bxe4 $1 41. Rxe4 {Leads to a draw.} ({
White can achieve the same result by} 41. Bxe5 Rxe5 42. Rxe4 Rxe4 43. Qxf6+ Qg7
44. Qd8+ Qg8 45. Qf6+ $11) 41... Nf3+ 42. Kh1 Rxe4 43. Qxf6+ Qg7 44. Qd8+ Qg8
45. Qxg8+ (45. Qf6+ Qg7 $11) (45. Qxc7 $4 Re2 $19) 45... Kxg8 46. f6 Re2 $5 (
46... Rxf4 47. gxf4 dxc5 48. bxc5 Nxh4 49. Kh2 Nf5 50. Bxg4 Nd4 $11) 47. f7+
Kg7 $8 48. Bh6+ $8 Kxh6 49. f8=Q+ Kxh5 50. Qf5+ (50. Qf7+ Kh6 51. Qf6+ Kh5 $11)
50... Kh6 (50... Kh6 51. Qf4+ Kh5 $11) 1/2-1/2